header

Beginning mobile application development in the cloud (Record no. 215307)

MARC details
000 -LEADER
fixed length control field 01279nam a2200337 a 4500
100 1# - MAIN ENTRY--AUTHOR NAME
Personal name Rodger, Richard Luna.
245 10 - TITLE STATEMENT
Title Beginning mobile application development in the cloud
260 ## - PUBLICATION, DISTRIBUTION, ETC. (IMPRINT)
Place of publication Indianapolis, Ind. :
Name of publisher Wiley,
Year of publication c2012.
300 ## - PHYSICAL DESCRIPTION
Number of Pages xxvii, 523 p.
490 0# - SERIES STATEMENT
Series statement Wrox programmer to programmer
500 ## - GENERAL NOTE
General note Includes index.
650 #0 - SUBJECT ADDED ENTRY--TOPICAL TERM
Topical Term Mobile computing.
Topical Term Cloud computing.
Topical Term Application software
856 40 - ELECTRONIC LOCATION AND ACCESS
Uniform Resource Identifier http://site.ebrary.com/lib/rucke/Doc?id=10503041

No items available.

© 2026 Rongo University
Contact us: librarian | system librarian | Rongo university